| 000 | 00585nam a2200205 a 4500 | ||
|---|---|---|---|
| 005 | 20140310183331.0 | ||
| 008 | 060818s19uu xx 00 eng d | ||
| 020 | _a0471263060 | ||
| 050 |
_aGV 1471 _b.So66 2004 |
||
| 100 | _aSonder, Mark | ||
| 245 |
_aEvent entertainment and production / _cMark Sonder |
||
| 260 |
_aU.S.A : _bJohn Wiley & Sons, Inc, _c2004. |
||
| 300 |
_a431 p. : _bill. ; _c24 cm. |
||
| 521 | _aTOU | ||
| 650 |
_aEntertainment _xPlanning. |
||
| 650 |
_aSpecial events _xPlanning. |
||
| 650 | _aBusiness entertaining. | ||
| 942 |
_cBK _2lcc _kFOR |
||
| 999 |
_c21564 _d21564 |
||